000 00549nam a22002057a 4500
003 OSt
008 240122b2004 |||||||| |||| 00| 0 eng d
020 _a1844675092
082 _a363.61
_bBLA-N
100 _aBlack, Maggie
245 _aThe no-nonsense guide to water /
_cMaggie Black.
260 _aUK :
_bVerso ,
_c2004.
300 _a144 p. ;
650 _aWater-supply
650 _aWater resources development
650 _aWater-supply-Political aspects
650 _aWater
650 _aWater-supply-Economic aspects
942 _2ddc
_cBK
999 _c20145
_d20145